|
|
|
|
| LEADER |
00000nas a22000007a 4500 |
| 005 |
20111007130220.0 |
| 008 |
111007c20029999mx ar|| s|||| 0|||b1spa d |
| 035 |
|
|
|a 5694
|
| 040 |
|
|
|a vLex
|
| 090 |
|
|
|c 2630
|d 2630
|
| 245 |
0 |
0 |
|a Informes Sobre la Seguridad Social en America
|h [Recurso electrn̤ico]
|
| 256 |
|
|
|a Servicio en ln̕ea.
|
| 260 |
|
|
|a Mx̌ico, D.F :
|b Conferencia Interamericana de Seguridad Social (CISS),
|c 2002 -
|
| 300 |
|
|
|a 1 recurso electrn̤ico
|
| 310 |
|
|
|a Anual
|
| 362 |
|
|
|a Nm︢. 1 (2002) -
|
| 506 |
1 |
|
|a Contenido solo disponible en los productos indicados
|d vLex Global
|d vLex Global (Academic Edition, excluding Law Schools)
|d vLex Global (U.S. Academic Edition, Law Schools)
|d vLex Global (U.S. Academic Edition, excluding Law Schools)
|d vLex Global (Academic Edition, Law Schools)
|
| 650 |
4 |
0 |
|a Seguridad Social
|z Mx̌ico
|
| 740 |
0 |
|
|a vLex Revistas (Servicio en ln̕ea)
|
| 856 |
4 |
0 |
|u http://vlex.com/source/informes-seguridad-social-america-5694
|z Acceso restringido
|
| 942 |
|
|
|c REV
|